| 000 | 00597nam a2200169 a 4500 | ||
|---|---|---|---|
| 001 | 000027073 | ||
| 005 | 20200930030602.0 | ||
| 008 | 110329s1956 dr 000 0 spa d | ||
| 040 |
_aDO-SdBNP _bspa _cBNPHU |
||
| 100 | 1 |
_aCordero, Armando _936629 |
|
| 245 | 1 | 0 |
_aEstudios para la historia de la filosofía en Santo Domingo / _cArmando Cordero. |
| 260 |
_aSanto Domingo : _bImpresora Arte y Cine, _c1956. |
||
| 300 |
_a195 p. ; _c22 cm. |
||
| 500 | _aIncluye bibliografías a final de los capítulos | ||
| 500 | _aIncluye referencias bibliográficas y notas al pie de las páginas | ||
| 049 | _aBNPD | ||
| 999 |
_c26565 _d26565 |
||